Matuidi Charo - Niska - Statistiques

Statistiques générales
  • Ce quiz a été pris 171 fois
  • Le résultat moyen est 235 sur 755
Statistiques - réponses
Réponse % Correct
teint
90%
lunettes
89%
vitres
84%
a
83%
à
83%
ma
83%
le
79%
de
78%
teintées
78%
xénon
78%
charo
77%
phares
76%
bendo
75%
matuidi
74%
je
73%
o
73%
au
65%
par
65%
charbon
64%
la
64%
64%
les
63%
ou
63%
tu
63%
en
61%
oui
57%
pas
55%
des
53%
go
53%
ta
52%
un
51%
elle
50%
enfants
50%
goûter
50%
jpartais
50%
comme
47%
prend
47%
mains
44%
même
44%
on
44%
ten
43%
dans
41%
jsui
41%
na
41%
pied
41%
jvolais
40%
toujours
40%
veut
39%
blindées
38%
ça
38%
gâtés
38%
plainté
38%
portes
36%
dbiche
35%
gantées
35%
jsuis
35%
lcul
35%
charbonne
34%
clito
34%
éclater
34%
jai
34%
sfaire
34%
terrain
33%
ah
32%
danse
32%
dalle
31%
tout
31%
défense
30%
mon
30%
pour
30%
que
29%
tes
29%
allemand
28%
milieu
28%
tas
28%
attaque
27%
seul
27%
encore
26%
paro
26%
plan
26%
toi
26%
ces
25%
ching
25%
niqué
25%
rose
25%
petit
24%
y
24%
beuh
23%
chong
23%
parissaintgermain
23%
qui
23%
barça
22%
diagonales
22%
gavé
22%
mes
22%
pastis
22%
pot
22%
vraiment
22%
cest
21%
jcommence
21%
quon
21%
seulement
21%
tana
21%
tarrose
21%
est
20%
et
20%
jvais
20%
véhicule
20%
contre
19%
dix
19%
du
18%
frères
18%
grand
18%
moi
18%
tombe
18%
tous
18%
apparemment
17%
mais
17%
vais
17%
fais
16%
maintenant
16%
paye
16%
prends
16%
tires
16%
une
16%
yomb
16%
ai
15%
bombe
15%
eh
15%
poto
15%
pourquoi
15%
squa
15%
toutatis
15%
parole
14%
vasy
14%
attaquant
13%
calmant
13%
cries
13%
négro
13%
tplanter
13%
tplomber
13%
brutalement
12%
jen
12%
loketo
12%
ombre
12%
plein
12%
sombre
12%
tmax
12%
queue
11%
rue
11%
tombent
11%
as
10%
derrière
10%
emment
10%
jbois
10%
leuleu
10%
trois
10%
donnemoi
9%
entrée
9%
quoralement
9%
si
9%
sur
9%
tallume
9%
temps
9%
tiens
9%
trafic
9%
vous
9%
argent
8%
catamaran
8%
encas
8%
fait
8%
ltarot
8%
montana
8%
nous
8%
plus
8%
ptit
8%
quand
8%
quoi
8%
tchoko
8%
thasba
8%
vener
8%
donc
7%
hannah
7%
jveux
7%
sous
7%
allumé
6%
après
6%
bac
6%
barbu
6%
demande
6%
faire
6%
gros
6%
jamais
6%
loto
6%
num
6%
pakoli
6%
péter
6%
rako
6%
vitesse
6%
zéro
6%
amiga
5%
dos
5%
faut
5%
hola
5%
illico
5%
jpose
5%
mères
5%
niquer
5%
talemen
5%
ans
4%
auto
4%
braque
4%
cas
4%
hélico
4%
jetpack
4%
machette
4%
manche
4%
négros
4%
ninguisa
4%
philip
4%
pute
4%
thème
4%
affaires
3%
bicrave
3%
bien
3%
billets
3%
butin
3%
changé
3%
coke
3%
couilles
3%
déchange
3%
dépenser
3%
devant
3%
dla
3%
dlargent
3%
électrique
3%
flippes
3%
font
3%
hey
3%
jamba
3%
jfais
3%
jme
3%
jordan
3%
jrentre
3%
jte
3%
ka
3%
lenfer
3%
mif
3%
monde
3%
monnaie
3%
mort
3%
mrapportent
3%
nié
3%
normal
3%
pah
3%
passe
3%
photo
3%
prendre
3%
protège
3%
question
3%
quitte
3%
racontes
3%
rebelle
3%
sans
3%
shit
3%
silences
3%
tendance
3%
ton
3%
tourner
3%
trafinquinté
3%
verts
3%
vois
3%
bats
2%
bella
2%
best
2%
chiens
2%
compte
2%
dbalancer
2%
dbeuh
2%
déboule
2%
dommage
2%
douas
2%
dpilon
2%
ena
2%
flippez
2%
guerre
2%
haja
2%
hutu
2%
lbeat
2%
lopj
2%
lplus
2%
ltemps
2%
manque
2%
mets
2%
onon
2%
pépin
2%
protes
2%
ramenez
2%
régler
2%
remplis
2%
rrrr
2%
sape
2%
sauvages
2%
slalome
2%
tgv
2%
touché
2%
vingtdeux
2%
afghan
1%
baw
1%
chicas
1%
cognac
1%
comptes
1%
concu
1%
daffaires
1%
dbas
1%
décharge
1%
deuxdeux
1%
espoir
1%
fast
1%
feu
1%
flippa
1%
fonte
1%
foufou
1%
gonfler
1%
halla
1%
imbula
1%
jsais
1%
lhomme
1%
nos
1%
peines
1%
peufpeuf
1%
plancher
1%
points
1%
politicien
1%
pourpour
1%
quelques
1%
reniflent
1%
sait
1%
sest
1%
six
1%
street
1%
svoit
1%
tchaga
1%
vénère
1%
viendra
1%
a­a­a­a­arrogant
0%
allez
0%
beugueuh
0%
bibine
0%
brolic
0%
came
0%
court
0%
cque
0%
cquon
0%
critiquestiquesstiques
0%
dsseilleo
0%
équipe
0%
filsfilsfils
0%
finesser
0%
huh
0%
igo
0%
lcomico
0%
liquide
0%
ltime
0%
meuj
0%
mula
0%
nesser
0%
ouiou­i
0%
piedplancher
0%
pluie
0%
poussemoi
0%
pousses
0%
prête
0%
qtu
0%
ranks
0%
repu
0%
ruisseaux
0%
saurai
0%
shabba
0%
taire
0%
tinquiète
0%
toto
0%
vers
0%
viser
0%
wah
0%
Aucun quiz correspondant
Distribution des résultats
% des personnes avec chaque résultat
Percentile par nombre de réponses
Votre historique - résultats
Vous n’avez pas pris ce quiz